Volba lásky : nové, lepší vztahy s partnerem, přáteli a sebou samým /

Hlavní autor: De Angelis, Barbara, 1951-
Další autoři: Dostálová, Ivona
Jazyk: Čeština
Vydáno: Praha : Dobrovský s.r.o., 2019
Edice: Knihy Omega
Témata:
Fyzický popis: 424 stran ; 21 cm
Knihy
Uloženo v:
LEADER 02282cam a2200625 i 4500
001 nkc20193072125
003 CZ PrNK
005 20190912163601.0
007 ta
008 190131s2019 xr e f 000 0 cze d
015 |a cnb003072125 
020 |a 978-80-7390-769-3  |q (vázáno) 
035 |a (OCoLC)1122794590 
040 |a KLG001  |b cze  |d BOA001  |d ABA001  |e rda 
041 1 |a cze  |h eng 
072 7 |a 316.4/.7  |x Sociální interakce. Sociální komunikace  |2 Konspekt  |9 18 
080 |a 316.346.2  |2 MRF 
080 |a 316.474  |2 MRF 
080 |a 316.472.42  |2 MRF 
080 |a 316.472.4  |2 MRF 
080 |a 159.9  |2 MRF 
080 |a 159.923.5  |2 MRF 
080 |a (0.062)  |2 MRF 
100 1 |a De Angelis, Barbara,  |d 1951-  |7 jn19981000581  |4 aut 
240 1 0 |a Choice for love.  |l Česky 
245 1 0 |a Volba lásky :  |b nové, lepší vztahy s partnerem, přáteli a sebou samým /  |c Barbara De Angelis ; přeložila Ivona Dostálová 
264 1 |a Praha :  |b Dobrovský s.r.o.,  |c 2019 
300 |a 424 stran ;  |c 21 cm 
336 |a text  |b txt  |2 rdacontent 
337 |a bez média  |b n  |2 rdamedia 
338 |a svazek  |b nc  |2 rdacarrier 
490 1 |a Knihy Omega 
500 |a Přeloženo z angličtiny 
650 0 7 |a muži a ženy  |7 ph123061  |2 czenas 
650 0 7 |a láska  |7 ph117230  |x psychologické aspekty  |2 czenas 
650 0 7 |a partnerské vztahy  |7 ph115684  |x psychologické aspekty  |2 czenas 
650 0 7 |a interpersonální vztahy  |7 ph114786  |x psychologické aspekty  |2 czenas 
650 0 7 |a sebevýchova  |7 ph125456  |2 czenas 
650 0 7 |a sebezdokonalování  |7 ph116118  |2 czenas 
650 0 9 |a men and women  |2 eczenas 
650 0 9 |a love  |x psychological aspects  |2 eczenas 
650 0 9 |a partner relationships  |x psychological aspects  |2 eczenas 
650 0 9 |a interpersonal relations  |x psychological aspects  |2 eczenas 
650 0 9 |a self-culture  |2 eczenas 
650 0 9 |a self-actualization  |2 eczenas 
655 7 |a populárně-naučné publikace  |7 fd131864  |2 czenas 
655 9 |a popular works  |2 eczenas 
700 1 |a Dostálová, Ivona  |4 trl 
830 0 |a Knihy Omega  |0 s 
910 2 |a BOA001  |b 2-1422.630 
920 |a 1221428  |z KLG001 
990 |a BK 
995 |a 01 
991 |b 201903  |c NOV 
996 6 |b 2610773959  |c 2-1422.630  |l MZK  |r Sklad / do 1 hodiny  |n 0  |p p.v.  |w 001712418  |u 000010  |a 1  |e BOA001  |j MZK50  |s P